Horas de vidro | O Eterno efémero (Record no. 46078)

MARC details
000 -Etiqueta do registo
Valores 00499nam a2200193 4500
100 ## - Dados gerais de processamento
Dados gerais 20260505 pory50
101 ## - Língua de publicação
Língua por
102 ## - País de publicação
País PT
200 ## - Titulo e menção de responsabilidade
Título próprio Horas de vidro
Título paralelo Poesia
Primeira menção de responsabilidade Urbano tavares Rodrigues
200 ## - Titulo e menção de responsabilidade
Título próprio O Eterno efémero
Título paralelo Prosa
Primeira menção de responsabilidade Urbano Tavares Rodrigues
210 ## - Publicação
Local de publicação Lisboa
Nome do editor Publicações Dom Quixote
Data de publicação 2011
215 ## - Descrição física 
Paginação / Volumes 103 p. , 151 p.
225 ## - Colecção 
Título próprio da colecção Frente e Verso
675 ## - CDU
Notação 82-1
675 ## - CDU
Notação 82-31
801 ## - Fonte de origem
País PT
Regras de catalogação RPC
990 ## - Elementos KOHA
Tipo de documento Livro
Holdings
Aquisição Empréstimo Código de barras Cota Permissão de empréstimo Tipo de documento
Biblioteca Escolar Doutor Hernâni Cidade Biblioteca Escolar Doutor Hernâni Cidade 82966 82-1 ROD POESIA   Livro

Powered by Koha